000 00229nam a22000857a 4500
008 160706b xxu||||| |||| 00| 0 eng d
100 _92360
_a Ray, A
245 _aThe Coming of Wheels
260 _aNew Delhi
_b National Book Trust
_c2004
999 _c2037
_d2037